00978 2200361 4500001002100000005001500021007000300036008004100039020002200080035002000102040001700122041000800139082001100147084001700158090002300175100002800198245004600226250001100272264003000283300003900313336002100352337003000373338002300403650002000426700002800446850001000474990002200484990002200506990002200528990002200550990002200572990002200594INLIS00000000000701220260603034519ta260603 0  a978-979-29-4638-3 a0010-0722000062 aSBPUPADbind0 aind a746.92 a746.92 ROH i a338.1 TIM p L10-30 aEri RohayatiePengarang1 aInspirasi Kebaya Muslimah /cEri Rohayati aEd.1 : aYogyakarta :bAndi,c2015 avii, 100 hlm. :bilus. ;c19x19 cm 2rdacontentateks 2rdamediaatanpa perantara 2rdacarrieravolume 4aBusana Muslimah aEditor, MayaePengarang aPUPAD a25.413/B/DPK/2017 a25.415/B/DPK/2017 a36.009/s/DPK/2021 a36.010/s/DPK/2021 a36.011/s/DPK/2021 a36.012/s/DPK/2021